Molecular characterisation of lupus low disease activity state (LLDAS) and DORIS remission by whole-blood transcriptome-based pathways in a pan-European systemic lupus erythematosus cohort

To unveil biological milieus underlying low disease activity (LDA) and remission versus active systemic lupus erythematosus (SLE).We determined differentially expressed pathways (DEPs) in SLE patients from the PRECISESADS project (NTC02890121) stratified into patients fulfilling and not fulfilling t...

Teljes leírás

Elmentve itt :
Bibliográfiai részletek
Szerzők: Parodis Ioannis
Lindblom Julius
Barturen Guillermo
Ortega-Castro Rafaela
Cervera Ricard
Pers Jacques-Olivier
Genre Fernanda
Hiepe Falk
Gerosa Maria
Kovács László
De Langhe Ellen
Piantoni Silvia
Stummvoll Georg
Vasconcelos Carlos
Vigone Barbara
Witte Torsten
Kollaborációs szervezet: PRECISESADS Clinical Consortium
Alarcón-Riquelme Marta E
Beretta Lorenzo
Balog Attila
Deák Magdolna
Bocskai Márta
Dulic Sonja
Kádár Gabriella
et al
Dokumentumtípus: Cikk
Megjelent: 2024
Sorozat:ANNALS OF THE RHEUMATIC DISEASES 83 No. 7
Tárgyszavak:
doi:10.1136/ard-2023-224795

mtmt:34656799
Online Access:http://publicatio.bibl.u-szeged.hu/29638
LEADER 03821nab a2200505 i 4500
001 publ29638
005 20240703134521.0
008 240222s2024 hu o 000 eng d
022 |a 0003-4967 
024 7 |a 10.1136/ard-2023-224795  |2 doi 
024 7 |a 34656799  |2 mtmt 
040 |a SZTE Publicatio Repozitórium  |b hun 
041 |a eng 
100 1 |a Parodis Ioannis 
245 1 0 |a Molecular characterisation of lupus low disease activity state (LLDAS) and DORIS remission by whole-blood transcriptome-based pathways in a pan-European systemic lupus erythematosus cohort  |h [elektronikus dokumentum] /  |c  Parodis Ioannis 
260 |c 2024 
300 |a 889-900 
490 0 |a ANNALS OF THE RHEUMATIC DISEASES  |v 83 No. 7 
520 3 |a To unveil biological milieus underlying low disease activity (LDA) and remission versus active systemic lupus erythematosus (SLE).We determined differentially expressed pathways (DEPs) in SLE patients from the PRECISESADS project (NTC02890121) stratified into patients fulfilling and not fulfilling the criteria of (1) Lupus LDA State (LLDAS), (2) Definitions of Remission in SLE remission, and (3) LLDAS exclusive of remission.We analysed data from 321 patients; 40.8% were in LLDAS, and 17.4% in DORIS remission. After exclusion of patients in remission, 28.3% were in LLDAS. Overall, 604 pathways differed significantly in LLDAS versus non-LLDAS patients with an false-discovery rate-corrected p (q)<0.05 and a robust effect size (dr)≥0.36. Accordingly, 288 pathways differed significantly between DORIS remitters and non-remitters (q<0.05 and dr≥0.36). DEPs yielded distinct molecular clusters characterised by differential serological, musculoskeletal, and renal activity. Analysis of partially overlapping samples showed no DEPs between LLDAS and DORIS remission. Drug repurposing potentiality for treating SLE was unveiled, as were important pathways underlying active SLE whose modulation could aid attainment of LLDAS/remission, including toll-like receptor (TLR) cascades, Bruton tyrosine kinase (BTK) activity, the cytotoxic T lymphocyte antigen 4 (CTLA-4)-related inhibitory signalling, and the nucleotide-binding oligomerization domain leucine-rich repeat-containing protein 3 (NLRP3) inflammasome pathway.We demonstrated for the first time molecular signalling pathways distinguishing LLDAS/remission from active SLE. LLDAS/remission was associated with reversal of biological processes related to SLE pathogenesis and specific clinical manifestations. DEP clustering by remission better grouped patients compared with LLDAS, substantiating remission as the ultimate treatment goal in SLE; however, the lack of substantial pathway differentiation between the two states justifies LLDAS as an acceptable goal from a biological perspective. 
650 4 |a Klinikai orvostan 
700 0 1 |a Lindblom Julius  |e aut 
700 0 1 |a Barturen Guillermo  |e aut 
700 0 2 |a Ortega-Castro Rafaela  |e aut 
700 0 2 |a Cervera Ricard  |e aut 
700 0 2 |a Pers Jacques-Olivier  |e aut 
700 0 2 |a Genre Fernanda  |e aut 
700 0 2 |a Hiepe Falk  |e aut 
700 0 2 |a Gerosa Maria  |e aut 
700 0 2 |a Kovács László  |e aut 
700 0 2 |a De Langhe Ellen  |e aut 
700 0 2 |a Piantoni Silvia  |e aut 
700 0 2 |a Stummvoll Georg  |e aut 
700 0 2 |a Vasconcelos Carlos  |e aut 
700 0 2 |a Vigone Barbara  |e aut 
700 0 2 |a Witte Torsten  |e aut 
700 0 2 |a Kollaborációs szervezet: PRECISESADS Clinical Consortium  |e aut 
700 0 2 |a Alarcón-Riquelme Marta E  |e aut 
700 0 2 |a Beretta Lorenzo  |e aut 
700 0 2 |a Balog Attila  |e aut 
700 0 2 |a Deák Magdolna  |e aut 
700 0 2 |a Bocskai Márta  |e aut 
700 0 2 |a Dulic Sonja  |e aut 
700 0 2 |a Kádár Gabriella  |e aut 
700 0 2 |a et al.  |e aut 
856 4 0 |u http://publicatio.bibl.u-szeged.hu/29638/1/Parodis.pdf  |z Dokumentum-elérés